Rámec a opatrenia týkajúce sa štatistiky obyvateľstva a zamestnanosti v systéme národných účtov ESA 2010

Opis rámcov a opatrení týkajúcich sa štatistiky obyvateľstva a zamestnanosti. Poskytnutie usmernení, do akého rozsahu tieto rámce zodpovedajú systému národných účtov ESA 2010.

Enregistré dans:
Détails bibliographiques
Auteur principal: Staríčková, Zuzana
Format: Chapitre de livre
Langue:slovaque
Sujets:
Tags: Ajouter un tag
Pas de tags, Soyez le premier à ajouter un tag!

MARC

LEADER 00000naa a2200000 4500
001 0263912
005 20260205072353.0
041 0 |a slo 
044 |a SK 
245 1 0 |a Rámec a opatrenia týkajúce sa štatistiky obyvateľstva a zamestnanosti v systéme národných účtov ESA 2010  |c Zuzana Staríčková 
520 |a Opis rámcov a opatrení týkajúcich sa štatistiky obyvateľstva a zamestnanosti. Poskytnutie usmernení, do akého rozsahu tieto rámce zodpovedajú systému národných účtov ESA 2010. 
610 2 0 |a obyvateľstvo 
610 2 0 |a zamestnanosť 
610 2 0 |a účty národné 
610 2 0 |a miesta pracovné 
610 2 0 |a zamestnanci 
100 1 |a Staríčková, Zuzana